[Event "TUR-chT Clubs"]
[Site "Konya"]
[Date "2019.07.18"]
[Round "4.27"]
[White "Yusufoglu, Ferit"]
[Black "Bladanli, Arcan"]
[Result "1-0"]
[WhiteElo "1581"]
[BlackElo "1206"]
[PlyCount "61"]
[EventDate "2019.07.16"]
[EventType "team-swiss"]
[EventRounds "9"]
[EventCountry "TUR"]
[SourceTitle "CBM 191 Extra"]
[Source "ChessBase"]
[SourceDate "2019.09.30"]
[SourceVersion "1"]
[SourceVersionDate "2019.09.30"]
[SourceQuality "1"]
[WhiteTeam "Nusaybin Dernegi"]
[BlackTeam "Magusa Dernegi"]
[WhiteTeamCountry "TUR"]
[BlackTeamCountry "TUR"]

1. e4 c5 2. Nf3 g6 3. d4 cxd4 4. Nxd4 Bg7 5. Nc3 Nc6 6. Be3 d6 7. Qd2 Nf6 8. f3 a6 9. 0-0-0 Bd7 10. g4 Nxd4 11. Bxd4 0-0 12. h4 Bc6 13. h5 d5 14. hxg6 fxg6 15. Qh2 e6 16. e5 Nd7 17. Be3 Nxe5 18. Qxh7+ Kf7 19. Bh6 Rg8 20. Be2 Qf6 21. Bxg7 Qxg7 22. Qh2 Ke7 23. Qf4 Qf6 24. Qb4+ Kd7 25. Ne4 Qe7 26. Rh7 Nf7 27. Qb6 Ke8 28. Nc5 Qd8 29. Qb3 Qd6 30. Nxb7 Bxb7 31. Qxb7 1-0

[Event "TUR Cup										"]
[Site "Antalya"]
[Date "2018.02.02"]
[Round "10"]
[White "Bladanli, Arcan"]
[Black "Demir, Aleyna"]
[Result "0-1"]
[WhiteElo "1168"]
[BlackElo "1459"]
[PlyCount "82"]
[EventDate "2018.01.27"]
[EventType "swiss"]
[EventRounds "11"]
[EventCountry "TUR"]
[SourceTitle "CBM 182 Extra"]
[Source "ChessBase"]
[SourceDate "2018.02.23"]
[SourceVersion "1"]
[SourceVersionDate "2018.02.23"]
[SourceQuality "1"]

1. e4 d5 2. exd5 Nf6 3. d4 Nxd5 4. c3 c6 5. Nf3 Bg4 6. Be2 e6 7. Ne5 Bxe2 8. Qxe2 Nd7 9. Nxd7 Qxd7 10. Bg5 Bd6 11. Nd2 f6 12. Bh4 0-0-0 13. 0-0-0 Rde8 14. Bg3 e5 15. dxe5 Bxe5 16. Bxe5 Rxe5 17. Qc4 Qf5 18. Nf3 Nb6 19. Qd3 Qxd3 20. Rxd3 Re2 21. Rd2 Rhe8 22. b3 Nd5 23. Kc2 Nf4 24. Rg1 Rxd2+ 25. Nxd2 Re2 26. g3 Nh3 27. Rf1 Nxf2 28. Kc1 Nd3+ 29. Kc2 Ne5 30. h3 Rh2 31. h4 Rg2 32. h5 Rxg3 33. h6 Ng4 34. Re1 Nxh6 35. Re8+ Kd7 36. Rh8 Nf7 37. Rxh7 Ne5 38. Kc1 Rg1+ 39. Kb2 Rg2 40. Kc1 f5 41. Rh3 f4 0-1

[Event "TUR Cup										"]
[Site "Antalya"]
[Date "2018.02.01"]
[Round "9"]
[White "Bladanli, Arcan"]
[Black "Tasdemir, Burhan"]
[Result "1/2-1/2"]
[WhiteElo "1168"]
[BlackElo "1461"]
[PlyCount "75"]
[EventDate "2018.01.27"]
[EventType "swiss"]
[EventRounds "11"]
[EventCountry "TUR"]
[SourceTitle "CBM 182 Extra"]
[Source "ChessBase"]
[SourceDate "2018.02.23"]
[SourceVersion "1"]
[SourceVersionDate "2018.02.23"]
[SourceQuality "1"]

1. e4 e5 2. Nf3 Nc6 3. Bc4 Bc5 4. c3 Nf6 5. d4 exd4 6. e5 Ng4 7. cxd4 Bb4+ 8. Nc3 d5 9. Bb5 Bd7 10. h3 Nh6 11. Bxh6 gxh6 12. a3 Bxc3+ 13. bxc3 a6 14. Ba4 Qe7 15. Qd2 Qe6 16. Rb1 b5 17. Bc2 Na5 18. Bd3 0-0 19. Nh4 f5 20. g3 Rf7 21. Ng2 c6 22. Nf4 Qe7 23. Qc1 Nb7 24. 0-0 Nd8 25. Re1 Ne6 26. Ra1 Ng5 27. Kg2 Re8 28. h4 Ne6 29. Nh5 Ng7 30. Nf6+ Rxf6 31. exf6 Qxf6 32. Rxe8+ Nxe8 33. Qe3 Kf7 34. Re1 Nd6 35. Qf4 Kg7 36. Qe3 Kf7 37. Be2 Be6 38. Bh5+ 1/2-1/2

[Event "TUR Cup										"]
[Site "Antalya"]
[Date "2018.01.31"]
[Round "7"]
[White "Bladanli, Arcan"]
[Black "Bozkurt, Aydin"]
[Result "0-1"]
[WhiteElo "1168"]
[BlackElo "1447"]
[PlyCount "96"]
[EventDate "2018.01.27"]
[EventType "swiss"]
[EventRounds "11"]
[EventCountry "TUR"]
[SourceTitle "CBM 182 Extra"]
[Source "ChessBase"]
[SourceDate "2018.02.23"]
[SourceVersion "1"]
[SourceVersionDate "2018.02.23"]
[SourceQuality "1"]

1. e4 d6 2. Nf3 g6 3. d4 Bg7 4. Be3 Nf6 5. Bd3 0-0 6. h3 Nbd7 7. Nc3 c5 8. dxc5 Nxc5 9. Qd2 Nxd3+ 10. Qxd3 a6 11. Qd2 b5 12. Bh6 b4 13. Bxg7 Kxg7 14. Nd5 Nxd5 15. Qxd5 Rb8 16. 0-0 Qb6 17. Qd4+ Qxd4 18. Nxd4 Bb7 19. f3 Rfc8 20. Rac1 a5 21. b3 Ba6 22. Rf2 Rc3 23. Rd2 e5 24. Ne2 Bxe2 25. Rxe2 Kf6 26. Rd2 Ke6 27. Rd3 Rbc8 28. Rxc3 Rxc3 29. Kf2 f5 30. exf5+ Kxf5 31. Ke2 e4 32. fxe4+ Kxe4 33. Kd2 Rg3 34. Re1+ Kd4 35. Re2 g5 36. Rf2 h5 37. Re2 h4 38. Rf2 d5 39. Ke2 Rc3 40. Kd2 Rg3 41. Kc1 Ke3 42. Rd2 d4 43. Kd1 Ke4 44. Re2+ Re3 45. Kd2 Kf4 46. Rxe3 dxe3+ 47. Ke2 Kg3 48. Kxe3 Kxg2 0-1